Apps of Google - Statistics

General Stats
  • This quiz has been taken 15 times
  • The average score is 7 of 35
Answer Stats
Answer % Correct
Google
100%
Google
100%
Google Maps
73%
Gmail
60%
Google Docs
53%
Google Chrome
47%
YouTube
40%
Google Calendar
33%
Google Sheets
33%
Google Earth
27%
Google Meet
27%
Google Photos
27%
Google Play
20%
YouTube Music
20%
Google Chat
13%
Google Chat
13%
Google News
13%
Google Translate
13%
Contacts
7%
Google Books
7%
Google Camera
7%
Google Keep
7%
Arts and Culture
0%
Blogger
0%
Chrome Web Store
0%
Google Ads
0%
Google Analytics
0%
Google Finance
0%
Google Fi Wireless
0%
Google Flights
0%
Google Forms
0%
Google Shopping
0%
Google Travel
0%
Merchant Center
0%
Safari
0%
No matching quizzes found
Score Distribution
Percent of People with Each Score
Percentile by Number Answered
Your Score History
You have not taken this quiz